La nazione organizzata / (Record no. 117020)

MARC details
000 -LEADER
campo de control de longitud fija 00499nam a2200169 4500
001 - NÚMERO DE CONTROL
campo de control 117020
003 - IDENTIFICADOR DE NÚMERO DE CONTROL
campo de control ES-MaACL
005 - FECHA Y HORA DE LA ÚLTIMA TRANSACCIÓN
campo de control 20230906190819.0
007 - CAMPO FIJO DE DESCRIPCIÓN FÍSICA--INFORMACIÓN GENERAL
campo de control de longitud fija t|
008 - DATOS DE LONGITUD FIJA--INFORMACIÓN GENERAL
campo de control de longitud fija 071121s1922 it r ||||1| ita d
100 1# - ENTRADA PRINCIPAL--NOMBRE DE PERSONA
Nombre de persona Pentimalli, Natale.
9 (RLIN) 90197
245 13 - MENCIÓN DEL TÍTULO
Título La nazione organizzata /
Mención de responsabilidad, etc. Natale Pentimalli ; prefazione di Enrico Barone.
260 ## - PUBLICACIÓN, DISTRIBUCIÓN, ETC.
Lugar de publicación, distribución, etc. Roma :
Nombre del editor, distribuidor, etc. [s.n.],
Fecha de publicación, distribución, etc. 1922 (
Fabricante Tip. Soc. Cartiere Centrali)
300 ## - DESCRIPCIÓN FÍSICA
Extensión 128 p.
700 1# - ENTRADA AGREGADA--NOMBRE PERSONAL
Nombre de persona Barone, Enrico.
9 (RLIN) 25785
852 ## - LOCALIZACIÓN
Ubicación ES-MaACL
Número de control de estantería 1660-F-14
Holdings
Estatus retirado Estado de pérdida Estado de daño No para préstamo Colección Biblioteca de origen Biblioteca actual Ubicación en estantería Fecha de adquisición Fuente de adquisición Total de préstamos Signatura topográfica completa Código de barras Visto por última vez Precio de reemplazo Tipo de ítem Koha
        Colección de folletos Biblioteca del Ateneo de Madrid Biblioteca del Ateneo de Madrid Depósito folletos 17/01/2008     1660-F-14 1122009 23/02/2023 23/02/2023 Folleto